000 01558nam a2200241Ia 4500
003 Ost
005 20260507075643.0
008 260507s9999||||xx |||||||||||||| ||und||
020 _a4325009977
040 _cfsecg
041 _aara
082 _a338.52
100 _aالزيني، محمود محمد عبد العزيز
_eمؤلف
245 0 _aجرائم التسعير الجبري :
_bالمبادئ الشرعية والقانونية وأراء الفقهاء والمحاكم ومعيار العقوبة في كل من الشريعة الإسلامية والقانون الوضعي /
_c محمود محمد عبد العزيز الزيني
260 _aالإسكندرية:
_bدار الجامعة الجديدة للنشر,
_c2004
300 _a277 صفحة؛
_bإيضاحات ؛
_c24 سم
490 _aالمكتبة القانونية
520 _aالتسعير الجبري في الشريعة الإسلامية وعقوبة مخالفة- مفهوم القيمة في الإقتصاد الإسلامي- بيان معنى السوق ومتطلباته- سعر السوق عند علماء الإقتصاد- بيان سعر السوق وقاعدة الحرية الإقتصادية المقيدة في النظام الإسلامي- حكم التسعير في الشريعة الإسلامية كيفية بيان قيود الخاصة بالتسعير الجبري والإعلان عن الاسعار
653 _aالأسعار
653 _aالأسواق
653 _aالإقتصاد الاسلامي
942 _cكتاب
999 _c45438
_d45438